000 00305pam a2200133 a 4500
020 _c
041 _h
082 _bSIZ
100 _aSizer, J.
245 _aAn Insight Into Management Accounting
_hTextual Documents
260 _aLondon
_bPitman Business Education
300 _a525/CB
930 _a11071
999 _c117894
_d117894